Welcome to the Holygrace Academy Library

Please use search bar below to get started

SKIN AND OTHER STORIES (Record no. 8440)

MARC details
000 -LEADER
fixed length control field 00279nam a22001217a 4500
082 ## - DEWEY DECIMAL CLASSIFICATION NUMBER
Classification number 823
Item number DAH/S
100 ## - MAIN ENTRY--AUTHOR NAME
Personal name DAHL,ROALD
245 ## - TITLE STATEMENT
Title SKIN AND OTHER STORIES
246 ## - VARYING FORM OF TITLE
Title proper/short title SKIN AND OTHER STORIES
Remainder of title SKIN AND OTHER STORIES
260 ## - PUBLICATION, DISTRIBUTION, ETC. (IMPRINT)
Place of publication LONDON
Name of publisher PUFFIN
300 ## - PHYSICAL DESCRIPTION
Number of Pages 213
942 ## - ADDED ENTRY ELEMENTS (KOHA)
Koha item type Books
Holdings
Withdrawn status Lost status Home library Current library Shelving location Date acquired Source of acquisition Full call number Accession Number Koha item type
    Main Library Main Library SHELF-12B-CHICKEN SOUP,ROALD DAH 17/06/2010 PURCHASED 823 DAH/S 05386 Books